000 01724nac a22002891u 4500
010 _a 2006004172
020 _a0787983004 (pbk.)
020 _a9780787983000
035 _a(OCoLC)ocm63680032
082 0 0 _a658.31240785
_bAl531
090 _c2037
_d2037
100 _aAllen, Michael W.,
245 1 0 _aCreating successful e-learning :
_ba rapid system for getting it right the first time, every time /
_cMichael W. Allen.
260 _aSan Francisco :
_bPfeiffer,2006
_c2006.
300 _axv, 190 p. :
_bill. ;
_c24 cm.
440 0 _aPfeiffer essential resources for training and HR professionals
490 1 _aMichael Allen's e-learning library
500 _aIncludes index.
505 0 _aThe corporate skeptic -- Academic woes -- Hesitant explorers -- Grasping the whole challenge -- Lessons from ADDIE -- Making useful mistakes (ASAP) -- Inalienable risks -- Successive approximation overview -- Preparing for a savvy start -- Project kickoff -- Rapid design, prototyping, and review -- The objectives x treatments matrix -- Assessing context and constraints -- Completing design and planning development -- Develop, implement, evaluate.
650 0 _aEmployees
_xTraining of
_xComputer-assisted instruction.
650 0 _aInstructional systems
_xDesign.
800 1 _aAllen, Michael W.,
_d1946-
856 4 1 _3Table of contents only
_uhttp://www.loc.gov/catdir/toc/ecip068/2006004172.html
856 4 1 _3Publisher description
_uhttp://www.loc.gov/catdir/enhancements/fy0659/2006004172-d.html
942 _cBB
_k658.31240785Al531
999 _c2037
_d2037